Verejný záujem ako faktor inovácií v cestovnom ruchu na Slovensku

Inovačná politika cestovného ruchu na Slovensku. Verejný záujem o inovácie v hoteloch a penziónoch. Zainteresovanosť ubytovacích zariadení na verejnej podpore inovácií. Význam inovačných aktivít verejného sektora.

Gespeichert in:
Bibliographische Detailangaben
1. Verfasser: Malachovský, Andrej
Weitere Verfasser: Murínová, Simona
Format: Buchkapitel
Sprache:Slowakisch
Schlagworte:
Tags: Tag hinzufügen
Keine Tags, Fügen Sie das erste Tag hinzu!

MARC

LEADER 00000naa a2200000 4500
001 0185866
005 20231016074737.4
041 0 |a slo 
044 |a SK 
245 1 0 |a Verejný záujem ako faktor inovácií v cestovnom ruchu na Slovensku  |c Andrej Malachovský, Simona Murínová 
520 |a Inovačná politika cestovného ruchu na Slovensku. Verejný záujem o inovácie v hoteloch a penziónoch. Zainteresovanosť ubytovacích zariadení na verejnej podpore inovácií. Význam inovačných aktivít verejného sektora. 
610 2 0 |a ruch cestovný 
610 2 0 |a inovácia 
610 2 0 |a financie 
610 2 0 |a zariadenia ubytovacie 
610 2 0 |a hotely 
610 2 0 |a sektor verejný 
610 2 0 |a výskum 
100 1 |a Malachovský, Andrej 
700 1 |a Murínová, Simona